| 000 | 00795nam a2200229Ia 4500 | ||
|---|---|---|---|
| 001 | 16216 | ||
| 003 | GE_BSU | ||
| 008 | 181216s||||||||xx |||||||||||||| ||und|| | ||
| 020 | _a9789941162923 | ||
| 040 | _cGE_BSU | ||
| 100 | _aნიკოლეიშვილი,ავთანდილ | ||
| 245 | _aქართული ლიტერატურა.ტ.lll მეოცე საუკუნე, ნაწ.1. | ||
| 245 | _cრედ:ბეგო ბეჟუაშვილი | ||
| 260 | _aთბილისი | ||
| 260 | _bსაქართველოს მაცნე | ||
| 260 | _c2013 | ||
| 300 | _a535გვ;25სმ. | ||
| 541 | _h20ლ. | ||
| 653 | _aლიტერატურა | ||
| 653 | _aქართული ლიტერატურა. | ||
| 942 | _cBK | ||
| 999 |
_c49300 _d49300 |
||